000 00311nam a2200133Ia 4500
008 230818s2006 xx 000 0 und d
041 _aeng
100 _aAbbott
245 _aFront Office
260 _bHimalaya Pub.
_c2006
300 _a211p
520 _aGeneral | Hard Board
999 _c855185
_d855185
650 _aHotel Front office